1r Laboratori d'Arxius Municipals : l'arxiu municipal i les relacions amb el ciutadà l'arxiu municipal i les relacions amb el ciutadà
Publicado:
Barcelona :
Diputació de Barcelona. Àrea de Cultura. Oficina de Patrimoni Cultural, Associació d'Arxivers de Catalunya, Ajuntament de Barcelona. Arxiu Municipal de Barcelona ,
2000
Descripción Física:
1 dossier ( 66 f.) ; 29 cm + 1 fulletó
Materias:
Arxius municipals -- Congressos
MARC
| LEADER | 00000nam a2200000Ia 4500 | ||
|---|---|---|---|
| 001 | 22360 | ||
| 003 | BGR | ||
| 005 | 20260324175819.0 | ||
| 008 | 160829s2000 xx 000 0 cat d | ||
| 080 | |a A-3-2 | ||
| 111 | |a Laboratori d'Arxius Municipals |c (Barcelona : |d 2000) |9 70160 | ||
| 245 | |a 1r Laboratori d'Arxius Municipals : |b l'arxiu municipal i les relacions amb el ciutadà | ||
| 260 | |a Barcelona : |b Diputació de Barcelona. Àrea de Cultura. Oficina de Patrimoni Cultural, Associació d'Arxivers de Catalunya, Ajuntament de Barcelona. Arxiu Municipal de Barcelona, |c 2000 | ||
| 300 | |a 1 dossier ( 66 f.) ; |c 29 cm + 1 fulletó | ||
| 590 | |a Tallers celebrats el 17 de febrer de 2000 al Pati Manning | ||
| 650 | |a Arxius municipals |x Congressos |9 19868 | ||
| 710 | 1 | |a Barcelona (Catalunya : Província). |b Oficina de Patrimoni Cultural |9 52675 | |
| 710 | 2 | |a Associació d'Arxivers de Catalunya |9 52966 | |
| 710 | 1 | |a Barcelona (Catalunya). |b Ajuntament |9 50981 | |
| 710 | 2 | |a Arxiu Municipal de Barcelona |9 55021 | |
| 901 | |a Arxiu | ||
| 942 | |n 1 |2 udc |c JC | ||
| 952 | |0 0 |1 0 |4 0 |6 A32 |7 1 |9 50708 |a Arxiu |b Arxiu |d 2016-12-01 |l 0 |o A-3-2 |p 22360 |r 2016-12-01 00:00:00 |w 2016-12-01 |y ARXIU | ||
| 999 | |c 54550 |d 54550 | ||